A Dictionary of scientists. (Record no. 2153)
[ view plain ]
| 000 -LEADER | |
|---|---|
| fixed length control field | 01228nac a22003251u 4500 |
| 010 ## - | |
| -- | 99488304 |
| 020 ## - INTERNATIONAL STANDARD BOOK NUMBER | |
| International Standard Book Number | 0585110476 (electronic bk.) |
| 020 ## - INTERNATIONAL STANDARD BOOK NUMBER | |
| International Standard Book Number | 0192800868 (pbk.) |
| 082 00 - DEWEY DECIMAL CLASSIFICATION NUMBER | |
| Classification number | 509.2 |
| 090 ## - LOCALLY ASSIGNED LC-TYPE CALL NUMBER (OCLC); LOCAL CALL NUMBER (OCLC) | |
| -- | 2153 |
| -- | 2153 |
| 100 ## - MAIN ENTRY--PERSONAL NAME | |
| Personal name | 20080729 |
| 245 02 - TITLE STATEMENT | |
| Title | A Dictionary of scientists. |
| 246 30 - VARYING FORM OF TITLE | |
| Title proper/short title | Scientists |
| 260 ## - | |
| -- | Oxford ; |
| -- | New York : |
| -- | Oxford University Press,1999 |
| -- | 1999. |
| 300 ## - PHYSICAL DESCRIPTION | |
| Extent | 586 p. ; |
| Dimensions | 20 cm. |
| 336 ## - CONTENT TYPE | |
| Source | rdacontent |
| Content type term | text |
| Content type code | txt |
| 337 ## - MEDIA TYPE | |
| Media type term | unmediated |
| Source | rdamedia |
| Media type code | n |
| 338 ## - CARRIER TYPE | |
| Carrier type term | volume |
| Carrier type code | nc |
| Source | rdacarrier |
| 490 0# - SERIES STATEMENT | |
| Series statement | Oxford paperback reference |
| 500 ## - GENERAL NOTE | |
| General note | General editors: John Daintith, Derek Gjertsen. |
| 500 ## - GENERAL NOTE | |
| General note | Abridged and updated ed. of : Encyclopedia of scientists. 2nd ed. c1994. |
| 500 ## - GENERAL NOTE | |
| General note | Includes index. |
| 650 #0 - SUBJECT ADDED ENTRY--TOPICAL TERM | |
| Topical term or geographic name as entry element | Scientists |
| Form subdivision | Biography |
| -- | Dictionaries. |
| 700 1# - ADDED ENTRY--PERSONAL NAME | |
| Personal name | Daintith, John. |
| 700 1# - ADDED ENTRY--PERSONAL NAME | |
| Personal name | Gjertsen, Derek. |
| 856 41 - ELECTRONIC LOCATION AND ACCESS | |
| Uniform Resource Identifier | <a href="http://www.netLibrary.com/urlapi.asp?action=summary&v=1&bookid=12306">http://www.netLibrary.com/urlapi.asp?action=summary&v=1&bookid=12306</a> |
| 856 41 - ELECTRONIC LOCATION AND ACCESS | |
| Materials specified | Publisher description |
| Uniform Resource Identifier | <a href="http://www.loc.gov/catdir/enhancements/fy0637/99488304-d.html">http://www.loc.gov/catdir/enhancements/fy0637/99488304-d.html</a> |
| 856 41 - ELECTRONIC LOCATION AND ACCESS | |
| Materials specified | Table of contents only |
| Uniform Resource Identifier | <a href="http://www.loc.gov/catdir/enhancements/fy0637/99488304-t.html">http://www.loc.gov/catdir/enhancements/fy0637/99488304-t.html</a> |
| 942 ## - ADDED ENTRY ELEMENTS (KOHA) | |
| Koha item type | NB - Book (Non borrowing) |
| Call number prefix | 509.2 |
| Classification part | RDA-MOD |
| Withdrawn status | Lost status | Source of classification or shelving scheme | Damaged status | Not for loan | Home library | Current library | Shelving location | Date acquired | Source of acquisition | Cost, normal purchase price | Total Checkouts | Full call number | Barcode | Date last seen | Cost, replacement price | Koha item type |
|---|---|---|---|---|---|---|---|---|---|---|---|---|---|---|---|---|
| Dewey Decimal Classification | Central Library | Central Library | First floor | 07/02/2012 | Purchase | 170.00 | 509.2 ADI | 000002031 | 15/07/2025 | 212.50 | NB - Book (Non borrowing) |